|
|
|
|
| LEADER |
03569nam a22003617a 4500 |
| 001 |
34081 |
| 003 |
BD-DhAAL |
| 005 |
20251120195624.0 |
| 008 |
190101r20102006nyu||||| |||| 001 0 eng d |
| 020 |
|
|
|a 9780199237616
|
| 040 |
|
|
|a BD-DhAAL
|c BD-DhAAL
|
| 082 |
|
|
|a 909.824
|2 22
|
| 100 |
|
|
|a Reynolds, David.
|9 29220
|
| 245 |
|
|
|a From world war to cold war :
|b churchill, roosevelt, and the international history of the 1940s /
|c David Reynolds.
|
| 260 |
|
|
|a Oxford :
|b Oxford University Press,
|c 2010 [reprinted].
|
| 300 |
|
|
|a viii, 363 pages ;
|c 24 cm.
|
| 505 |
|
|
|a Introduction ; I: WORLD WAR ; 1. The Origins of 'The Second World War': Historical Discourse and International Politics ; 2. 1940: Fulcrum of the Twentieth Century? ; 3. Churchill, Roosevelt, and the Wartime Anglo-American Alliance ; II: CHURCHILL ; 4. Churchill and the British 'Decision' to Fight on in 1940: Right Policy, Wrong Reasons ; 5. Churchill the Appeaser? Between Hitler, Roosevelt, and Stalin 1940-1944 ; 6. Churchill and Allied Grand Strategy in Europe 1944-1945 ; III: ROOSEVELT ; 7. The President and the King: The Diplomacy of the British Royal Visit of 1939 ; 8. The President and the British Left: The Appointment of John Winant as US Ambassador in 1941 ; 9. The Wheelchair President and his Special Relationships ; IV: 'MIXED UP TOGETHER' ; 10. Whitehall, Washington, and the Promotion of American Studies in Britain 1941-1943 ; 11. Churchill's Government and the Black GIs 1942-1943 ; 12. GIs and Tommies: The Army 'Inter-Attachment Programme of 1943-1944 ; V: COLD WAR ; 13. Churchill, Roosevelt, and the Stalin Enigma ; 14. Churchill, Stalin, and the 'Iron Curtain' ; 15. The 'Big Three' and the Division of Europe 1945-1948 ; VI: PERSPECTIVES ; 16. Power and Superpower: The Impact of the Second World War on America's International Role ; 17. A Special Relationship? America, Britain, and the International Order since World War Two ; 18. Culture, Discourse, and Policy: Reflections on the New International History ; Index
|
| 520 |
|
|
|a The 1940s was probably the most dramatic and decisive decade of the twentieth century. In this volume, the leading international historian David Reynolds has brought together a collection of incisive essays, five of them previously unpublished, to explore some of the major themes, events, and personalities of this pivotal decade.
|
| 526 |
|
|
|a ENH
|
| 541 |
|
|
|a Trim Education
|e 34081, 34082, 34083
|
| 650 |
|
|
|a World War, 1939-1945
|x Diplomatic history.
|9 29221
|
| 650 |
|
|
|a World politics
|y 1945-1955.
|9 29222
|
| 650 |
|
|
|a English literature.
|9 42936
|
| 651 |
|
|
|a Great Britain
|x Foreign relations
|z United States.
|9 29224
|
| 651 |
|
|
|a United States
|x Foreign relations
|z Great Britain.
|9 29225
|
| 651 |
|
|
|a United States
|x Foreign relations
|y 1933-1945.
|9 29226
|
| 651 |
|
|
|a Great Britain
|x Foreign relations
|y 1945-1964.
|9 29227
|
| 852 |
|
|
|a Ayesha Abed Library
|c General Stacks
|
| 942 |
|
|
|2 ddc
|c BK
|
| 999 |
|
|
|c 39970
|d 39970
|
| 952 |
|
|
|0 0
|1 0
|2 ddc
|4 0
|6 909_824000000000000_REY
|7 0
|9 64743
|a BRACUL
|b BRACUL
|c GEN
|d 2018-12-05
|e Trim Education
|g 3515.00
|l 2
|m 8
|o 909.824 REY
|p 3010034082
|r 2025-04-15
|s 2025-03-06
|t 2
|v 3515.00
|w 2018-12-05
|y BK
|
| 952 |
|
|
|0 0
|1 0
|2 ddc
|4 0
|6 909_824000000000000_REY
|7 0
|9 64744
|a BRACUL
|b BRACUL
|c GEN
|d 2018-12-05
|e Trim Education
|g 3515.00
|l 2
|m 31
|o 909.824 REY
|p 3010034081
|r 2025-07-12
|s 2024-11-03
|t 1
|v 3515.00
|w 2018-12-05
|y BK
|
| 952 |
|
|
|0 0
|1 0
|2 ddc
|4 0
|6 909_824000000000000_REY
|7 0
|9 64745
|a BRACUL
|b BRACUL
|c GEN
|d 2018-12-05
|e Trim Education
|g 3515.00
|l 4
|m 21
|o 909.824 REY
|p 3010034083
|r 2025-05-20
|s 2025-04-22
|t 3
|v 3515.00
|w 2018-12-05
|y BK
|